|
|
|
|
| LEADER |
00000naa2a2200000 4500 |
| 001 |
395861 |
| 005 |
20231101064711.0 |
| 035 |
|
|
|a (RuTPU)RU\TPU\prd\33484
|
| 090 |
|
|
|a 395861
|
| 100 |
|
|
|a 20050304a2004 k y0rusy50 ca
|
| 101 |
0 |
|
|a rus
|
| 102 |
|
|
|a RU
|
| 200 |
1 |
|
|a Оценка времени восстановления зрительного анализатора человека с использованием аппаратно-программного комплекса
|f В. В. Роженцов
|
| 320 |
|
|
|a Библиогр.: 34 назв.
|
| 461 |
|
1 |
|0 (RuTPU)RU\TPU\prd\1139
|t Наукоемкие технологии
|o научно-технический журнал
|d 2001-
|
| 463 |
|
1 |
|0 (RuTPU)RU\TPU\prd\29941
|t № 10
|v С. 25-29
|d 2004
|
| 610 |
1 |
|
|a человек
|
| 610 |
1 |
|
|a зрительный анализатор
|
| 610 |
1 |
|
|a восстановление
|
| 610 |
1 |
|
|a аппаратно-программные комплексы
|
| 610 |
1 |
|
|a псизофизиологический метод
|
| 610 |
1 |
|
|a оценка
|
| 675 |
|
|
|a 612.84.001.8
|v 3
|
| 700 |
|
1 |
|a Роженцов
|b В. В.
|
| 801 |
|
1 |
|a RU
|b 63413507
|c 20050304
|g PSBO
|
| 942 |
|
|
|c BK
|